Online katalóg knižníc regiónu Turca

Moje báječné ženy (Record no. 20202)

MARC details
000 -LEADER
fixed length control field 01832cam a2200553 a 4500
001 - CONTROL NUMBER
control field 20202
003 - CONTROL NUMBER IDENTIFIER
control field VRT
005 - DATE AND TIME OF LATEST TRANSACTION
control field 20260119120851.0
008 - FIXED-LENGTH DATA ELEMENTS--GENERAL INFORMATION
fixed length control field 240226s2004 xo grf 000 0 slo
015 ## - NATIONAL BIBLIOGRAPHY NUMBER
National bibliography number SNBA2005/06-02256
020 ## - INTERNATIONAL STANDARD BOOK NUMBER
International Standard Book Number 8055108544
Qualifying information (viazané)
035 ## - SYSTEM CONTROL NUMBER
System control number SNK000432552
035 ## - SYSTEM CONTROL NUMBER
System control number urn:nbn:sk:snk-am3j2tg
035 ## - SYSTEM CONTROL NUMBER
System control number 0AE25CEB-C21D-4C20-9CBC-856D0D81B59F
035 ## - SYSTEM CONTROL NUMBER
System control number urn:nbn:sk:snk-am00gfwh
039 #9 - LEVEL OF BIBLIOGRAPHIC CONTROL AND CODING DETAIL [OBSOLETE]
Level of rules in bibliographic description 202402262045
Level of effort used to assign nonsubject heading access points VLOAD
Level of effort used to assign subject headings 202205091536
Level of effort used to assign classification VLOAD
Level of effort used to assign subject headings 202204221140
Level of effort used to assign classification VLOAD
Level of effort used to assign subject headings 202107231105
Level of effort used to assign classification msnk115
040 ## - CATALOGING SOURCE
Original cataloging agency SNK
Language of cataloging slo
Transcribing agency SNK
Description conventions AACR2
041 0# - LANGUAGE CODE
Language code of text/sound track or separate title slo
044 ## - COUNTRY OF PUBLISHING/PRODUCING ENTITY CODE
MARC country code xo
ISO country code SK
072 #7 - SUBJECT CATEGORY CODE
Subject category code 613
Subject category code subdivision Hygiena. Ľudské zdravie
Source konspekt
080 ## - UNIVERSAL DECIMAL CLASSIFICATION NUMBER
Universal Decimal Classification number 613-056.257
Common auxiliary subdivision (035)
Edition identifier 1997
080 ## - UNIVERSAL DECIMAL CLASSIFICATION NUMBER
Universal Decimal Classification number 615.874.24
Edition identifier 2011
080 ## - UNIVERSAL DECIMAL CLASSIFICATION NUMBER
Universal Decimal Classification number 613.2
Edition identifier 2011
080 ## - UNIVERSAL DECIMAL CLASSIFICATION NUMBER
Universal Decimal Classification number (035)
Edition identifier 2011
080 ## - UNIVERSAL DECIMAL CLASSIFICATION NUMBER
Universal Decimal Classification number 616-056.257
Edition identifier 2011
080 ## - UNIVERSAL DECIMAL CLASSIFICATION NUMBER
Universal Decimal Classification number 316.346.2-055.2
Edition identifier 2011
080 ## - UNIVERSAL DECIMAL CLASSIFICATION NUMBER
Universal Decimal Classification number 316.728
Edition identifier 2011
080 ## - UNIVERSAL DECIMAL CLASSIFICATION NUMBER
Universal Decimal Classification number 613.24
Edition identifier 2011
100 1# - MAIN ENTRY--PERSONAL NAME
Personal name Sipeky, Edita,
Dates associated with a name 1959-2010
Relationship aut
245 10 - TITLE STATEMENT
Title Moje báječné ženy
Statement of responsibility, etc. Edita Sipeky
250 ## - EDITION STATEMENT
Edition statement 1. vyd.
260 ## - PUBLICATION, DISTRIBUTION, ETC.
Place of publication, distribution, etc. Bratislava
Name of publisher, distributor, etc. Ikar
Date of publication, distribution, etc. 2004
300 ## - PHYSICAL DESCRIPTION
Extent 187 strán
Dimensions 21 cm
650 07 - SUBJECT ADDED ENTRY--TOPICAL TERM
Topical term or geographic name entry element obezita
Source of heading or term SNKPH
650 07 - SUBJECT ADDED ENTRY--TOPICAL TERM
Topical term or geographic name entry element redukcia telesnej hmotnosti
Source of heading or term SNKPH
650 07 - SUBJECT ADDED ENTRY--TOPICAL TERM
Topical term or geographic name entry element zdravá výživa
Source of heading or term SNKPH
650 07 - SUBJECT ADDED ENTRY--TOPICAL TERM
Topical term or geographic name entry element ženy
Source of heading or term SNKPH
650 07 - SUBJECT ADDED ENTRY--TOPICAL TERM
Topical term or geographic name entry element životný štýl
Source of heading or term SNKPH
650 07 - SUBJECT ADDED ENTRY--TOPICAL TERM
Topical term or geographic name entry element redukčné diéty
Source of heading or term SNKPH
655 #7 - INDEX TERM--GENRE/FORM
Genre/form data or focus term príručky
Source of term SNKPH
910 ## - USER-OPTION DATA (OCLC)
User-option data snk
942 ## - ADDED ENTRY ELEMENTS (KOHA)
Source of classification or shelving scheme Dewey Decimal Classification
Koha item type Odborná literatúra pre dospelých
Suppress in OPAC No
949 ## - LOCAL PROCESSING INFORMATION (OCLC)
6 2889190798
a savukPV 7317
949 ## - LOCAL PROCESSING INFORMATION (OCLC)
6 273K0080131
a svkpoA 189302
b svkpo472849
949 ## - LOCAL PROCESSING INFORMATION (OCLC)
6 4710708962
a strmkN 613
b strmk2008/8962
949 ## - LOCAL PROCESSING INFORMATION (OCLC)
6 17A0435096
9 P60, <03>, [BOOK], {603}, -B-
a snkSC 116342
b snkKSP 8401/2004
s 6100:20210720
949 ## - LOCAL PROCESSING INFORMATION (OCLC)
6 17A0443018
9 P60, <04>, [BOOK], {604}
a snkSC 116342 D1
b snkKSP 11990/2004
949 ## - LOCAL PROCESSING INFORMATION (OCLC)
6 270001000249168
a svkbbA 110084
b svkbbm 656334
p 656.334
Holdings
Stav vyradenia Strata Poškodenie Spôsob nadobudnutia Domovská knižnica Aktuálna knižnica Dátum nadobudnutia Total checkouts Čiarový kód exemplára Date last seen Typ exemplára
      Dar Obecná knižnica Horná Štubňa Obecná knižnica Horná Štubňa 19.01.2026   9788055108544 19.01.2026 Odborná literatúra pre dospelých
Projekt je podporený Slovenskou asociáciou knižníc
Prevádzkuje Turčianska knižnica Martin 2026